Quà tặng cho người muốn thành công

Wedi'i Gadw mewn:
Manylion Llyfryddiaeth
Fformat: Llyfr
Cyhoeddwyd: 2008
Tagiau: Ychwanegu Tag
Dim Tagiau, Byddwch y cyntaf i dagio'r cofnod hwn!
Thư viện lưu trữ: Mạng thư viện Đại học Đà Nẵng
LEADER 00463nam a22001811a 4500
001 000040805
003 17100
005 20160412023359.0
008 160412s2008 000
082 |a N23216-18 
245 |a Quà tặng cho người muốn thành công  |c Nguyễn Huy Minh Dịch 
260 |c 2008 
OWN |a LNN 
999 |a From the UDN01 
TYP |a Monograph 
980 |a Mạng thư viện Đại học Đà Nẵng